Loading...
| Fine Arts - Auditory Fine Arts | 2 | 10.00 | 100% | 0% | 0% |
| Fine Arts - Other Fine Arts | 2 | 10.00 | 100% | 0% | 0% |
| History - American History | 1 | 20.00 | 100% | 100% | 0% |
| History - European History | 1 | 10.00 | 0% | 0% | 100% |
| Literature - American Literature | 2 | 15.00 | 100% | 50% | 0% |
| Literature - British Literature | 1 | 10.00 | 100% | 0% | 0% |
| Literature - European Literature | 2 | 10.00 | 100% | 0% | 0% |
| Literature - World Literature | 2 | 10.00 | 50% | 50% | 0% |
| Mythology | 1 | 30.00 | 100% | 100% | 100% |
| Other Academic | 1 | 10.00 | 100% | 0% | 0% |
| Religion | 2 | 5.00 | 50% | 0% | 0% |
| Science - Chemistry | 1 | 0.00 | 0% | 0% | 0% |
| Science - Other Science | 2 | 25.00 | 100% | 100% | 50% |
| Science - Physics | 1 | 20.00 | 100% | 100% | 0% |
| Social Science | 1 | 10.00 | 100% | 0% | 0% |